Mathematics in population biology / (Record no. 6889)
[ view plain ]
| 000 -LEADER | |
|---|---|
| fixed length control field | 01346cam a22003134a 4500 |
| 001 - CONTROL NUMBER | |
| control field | 12995344 |
| 003 - CONTROL NUMBER IDENTIFIER | |
| control field | OSt |
| 005 - DATE AND TIME OF LATEST TRANSACTION | |
| control field | 20210426162937.0 |
| 008 - FIXED-LENGTH DATA ELEMENTS--GENERAL INFORMATION | |
| fixed length control field | 021107s2003 njua b 001 0 eng |
| 010 ## - LIBRARY OF CONGRESS CONTROL NUMBER | |
| LC control number | 2002192472 |
| 020 ## - INTERNATIONAL STANDARD BOOK NUMBER | |
| International Standard Book Number | 0691092907 (cl : alk. paper) |
| 020 ## - INTERNATIONAL STANDARD BOOK NUMBER | |
| International Standard Book Number | 0691092915 (pbk. : alk. paper) |
| 040 ## - CATALOGING SOURCE | |
| Transcribing agency | DDC |
| 050 00 - LIBRARY OF CONGRESS CALL NUMBER | |
| Classification number | QH352 |
| Item number | .T45 2003 |
| 082 00 - DEWEY DECIMAL CLASSIFICATION NUMBER | |
| Classification number | 577.88THI 2003 |
| 100 1# - MAIN ENTRY--PERSONAL NAME | |
| Personal name | Thieme, Horst R., |
| Dates associated with a name | 1948- |
| 9 (RLIN) | 14135 |
| 245 10 - TITLE STATEMENT | |
| Title | Mathematics in population biology / |
| Statement of responsibility, etc. | Horst R. Thieme. |
| 260 ## - PUBLICATION, DISTRIBUTION, ETC. (IMPRINT) | |
| Place of publication, distribution, etc. | Princeton, N.J. : |
| Name of publisher, distributor, etc. | Princeton University Press, |
| Date of publication, distribution, etc. | c2003. |
| 300 ## - PHYSICAL DESCRIPTION | |
| Extent | xviii, 543 p. : |
| Other physical details | ill. ; |
| Dimensions | 24 cm. |
| 440 #0 - SERIES STATEMENT/ADDED ENTRY--TITLE | |
| Title | Princeton series in theoretical and computational biology |
| 9 (RLIN) | 14136 |
| 504 ## - BIBLIOGRAPHY, ETC. NOTE | |
| Bibliography, etc | Includes bibliographical references (p. [519]-536) and index. |
| 650 #0 - SUBJECT ADDED ENTRY--TOPICAL TERM | |
| Topical term or geographic name as entry element | Population biology |
| General subdivision | Mathematical models. |
| 9 (RLIN) | 14137 |
| 650 #0 - SUBJECT ADDED ENTRY--TOPICAL TERM | |
| Topical term or geographic name as entry element | Communicable diseases |
| General subdivision | Mathematical models. |
| 9 (RLIN) | 14138 |
| 856 41 - ELECTRONIC LOCATION AND ACCESS | |
| Materials specified | Sample text |
| Uniform Resource Identifier | http://www.loc.gov/catdir/samples/prin031/2002192472.html |
| 856 42 - ELECTRONIC LOCATION AND ACCESS | |
| Materials specified | Publisher description |
| Uniform Resource Identifier | http://www.loc.gov/catdir/description/prin031/2002192472.html |
| 906 ## - LOCAL DATA ELEMENT F, LDF (RLIN) | |
| a | 7 |
| b | cbc |
| c | orignew |
| d | 1 |
| e | ocip |
| f | 20 |
| g | y-gencatlg |
| 942 ## - ADDED ENTRY ELEMENTS (KOHA) | |
| Source of classification or shelving scheme | Dewey Decimal Classification |
| Koha item type | Open Shelf |
| Withdrawn status | Lost status | Source of classification or shelving scheme | Damaged status | Not for loan | Home library | Current library | Date acquired | Source of acquisition | Inventory number | Total Checkouts | Full call number | Barcode | Date last seen | Price effective from | Koha item type |
|---|---|---|---|---|---|---|---|---|---|---|---|---|---|---|---|
| Dewey Decimal Classification | MUST Main Library | MUST Main Library | 26/04/2021 | Purchase | 08/30775 | 577.88THI 2003 | 2021-0444 | 26/04/2021 | 26/04/2021 | Open Shelf | |||||
| Dewey Decimal Classification | MUST Main Library | MUST Main Library | 10/05/2021 | Purchase | 577.8THI 2003 | 577.88THI 2003 | 2021-0500 | 10/05/2021 | 10/05/2021 | Open Shelf | |||||
| Dewey Decimal Classification | MUST Main Library | MUST Main Library | 19/05/2021 | Purchase | 08/30776 | 577.88THI 2003 | 2021-0569 | 19/05/2021 | 19/05/2021 | Open Shelf | |||||
| Dewey Decimal Classification | MUST Main Library | MUST Main Library | 19/05/2021 | Purchase | 13/37314 | 577.88THI 2003 | 2021-0570 | 19/05/2021 | 19/05/2021 | Open Shelf |
